Štatistika pre bakalárov

Salvato in:
Dettagli Bibliografici
Autore principale: Sodomová, Eva
Ente Autore: Ekonomická univerzita v Bratislave. Fakulta hospodárskej informatiky
Altri autori: Kotlebová, Eva, Coss, Soňa, Sivašová, Daniela, 1955-, Bolgáč, Ján, 1959-, Hrnčiarová, Ľubica, Olexa, Milan
Natura: Libro
Lingua:slovacco
Pubblicazione: Bratislava Vydavateľstvo EKONÓM 2010
Soggetti:
Tags: Aggiungi Tag
Nessun Tag, puoi essere il primo ad aggiungerne!!

MARC

LEADER 00000nam$a2200000$$$4500
001 0111577
005 20240502072233.0
020 |a 978-80-225-2923-5 
041 0 |a slo 
044 |a SK 
245 1 0 |a Štatistika pre bakalárov  |c Eva Sodomová a kolektív 
264 1 |a Bratislava  |b Vydavateľstvo EKONÓM  |c 2010 
300 |a 256 s. [14,652 AH] 
610 2 0 |a štatistika 
610 2 0 |a výskum štatistický 
610 2 0 |a údaje štatistické 
610 2 0 |a pravdepodobnosť 
610 2 0 |a indukcia štatistická 
610 2 0 |a analýza regresná 
610 2 0 |a analýza korelačná 
610 2 0 |a rady časové 
610 2 0 |a indexy 
100 1 |a Sodomová, Eva 
700 1 |a Kotlebová, Eva 
700 1 |a Coss, Soňa 
700 1 |a Sivašová, Daniela, 1955- 
700 1 |a Bolgáč, Ján, 1959- 
700 1 |a Hrnčiarová, Ľubica 
700 1 |a Olexa, Milan 
710 2 |a Ekonomická univerzita v Bratislave. Fakulta hospodárskej informatiky